| 000 | 00945 a2200217 4500 | ||
|---|---|---|---|
| 001 | 48563 | ||
| 005 | 20260407155750.0 | ||
| 008 | 260407a1978 arg spa d | ||
| 003 | AR-UNSa-BCEJYS | ||
| 040 |
_aAR-UNSa-BCEJYS _bspa _cAR-UNSa-BCEJYS |
||
| 080 |
_a004.04 _xOrientación del proceso (diagramas de flujo) |
||
| 245 | 1 | 0 |
_aDiagrama de flujo _pmanual de logica para computadoras |
| 264 | 1 |
_aMéxico : _bLimusa _c1978 |
|
| 300 |
_a362 p. _c26 cm. |
||
| 505 | _a1. ¿Por qué estudiar sobre las computadoras? - 2. Elementos de los diagramas de flujo - 3. Problemas con procedimientos más complejos - 4. Procesos aritméticos - 5. Procedimientos de programación comunes - 6. Tablas y revisiones de tablas - 7. Simbolizar en diagrama de flujo y otras tareas de programación. | ||
| 942 | _cBK | ||
| 590 | _aniveau_biblio:m niveau_hierar:0 | ||
| 100 | 1 | _aStern, Nancy B. | |
| 700 | 1 | _aLara Ruiz, Fernando | |
| 700 | 1 | _aPerez Segui, Enrique | |
| 999 |
_c4631 _d4631 |
||